000 01420cam a22003617a 4500
003 CHAP
005 20220329141717.0
008 971013s1972 r 00010 d
010 _a72631
011 _a73603
035 _a83161
040 _cCHAP
082 _a333.09723
_bB3
100 0 0 _aBarbosa Ramírez, A. René.
_910125
245 1 4 _aEl arrendamiento de tierras ejidales; un estudio en Tierra Caliente, Michoacan
260 _aMéxico, D. F. :
_bCentro de Investigaciones Agrarias,
_c1972
300 _a99 p. mapa
490 0 _aCentro de Investigaciones Agrarias. Serie de estudios sobre tenencia y uso de la tierra
_v; 4
590 _aBATCH-UPD
_b10
_c20130110
_lUCH01
_h0514
590 _aBATCH-UPD
_b10
_c20130110
_lUCH01
_h2327
590 _aBATCH-UPD
_b10
_c20130410
_lUCH01
_h0152
590 _aBATCH-UPD
_b10
_c20130914
_lUCH01
_h0557
590 _aCONVERSION
_b10
_c20130109
_lUCH01
_h1340
650 1 4 _aDesarrollo de la comunidad rural.
_931995
650 1 4 _aEjidos
_xMichoacán.
_936018
650 1 4 _aIrrigación
_xMichoacán.
_960430
700 0 _aMaturana Medina, Sergio.
_973105
830 0 _aCentro de Investigaciones Agrarias. Serie de estudios sobre tenencia y uso de la tierra
_v; 4
_921107
901 _aBK
942 _cLIBRO
949 _a333.09723 B3
_bBC
_cLIBRO
_d33724000327904
_eLIBRO
_h178698
_i83161
_mD
_si
949 _a333.09723 B3
_bBC
_cLIBRO
_d33724000328308
_eLIBRO
_fc.3
_h78863
_i83161
_mD
_si
999 _c72631
_d72631